| 000 | 00945nam a22002777a 4500 | ||
|---|---|---|---|
| 001 | BR9702272 | ||
| 003 | BR-BrBNA | ||
| 005 | 20230928095348.0 | ||
| 007 | ta | ||
| 008 | 230509b bl.||||| |||| 00| 0 por d | ||
| 040 |
_aBR-BrBNA _bpor _cBiblioteca Nacional de Agricultura |
||
| 041 | _a(Por) | ||
| 072 |
_aL02 _b1959 |
||
| 090 | _ 1959 BR9702272 | ||
| 100 | 1 | _aPrestes, N.E. | |
| 110 | 1 |
_aUniversidade Federal do Rio Grande do Sul, Porto Alegre (Brasil). Faculdade de Agronomia _0Tese (Mestre em Zootecnia) |
|
| 245 | 1 | _aSobressemeadura do cornichao (Lotus corniculatus L.)cv. Sao Gabriel em pastagem natural - diferimento e adubacao | |
| 260 | 3 |
_aPorto Alegre, RS (Brasil): _c1995. |
|
| 300 | _a118 p. | ||
| 500 | _aBibliography p. 98-106; Summaries (Eng, Por); 15 tables; 22 illus. | ||
| 650 | _aCornichao | ||
| 650 | _aPastagem Natural | ||
| 650 | _aMelhoramento Animal | ||
| 909 |
_a202309 _bLucia _c55 _dLucia Elande |
||
| 942 | _cBK | ||
| 999 |
_c56111 _d56111 |
||